Il contratto simulato: teorie delta simulazione e analisis del linguaggio
Zapisane w:
| 1. autor: | |
|---|---|
| Format: | Książka |
| Język: | włoski |
| Wydane: |
Nápoles
Jovene
1982
|
| Seria: | Biblioteca di diritto privato ordinata da Pietro Rescigno, 19
|
| Hasła przedmiotowe: | |
| Etykiety: |
Dodaj etykietę
Nie ma etykietki, Dołącz pierwszą etykiete!
|
MARC
| LEADER | 00000nam a2200000 a 4500 | ||
|---|---|---|---|
| 001 | UCV2711 | ||
| 003 | CL-VaPUC | ||
| 008 | 921029e19820000IT |||||||||||||||||ita|d | ||
| 082 | 0 | 4 | |a 346.022 |b GEN |2 21 |
| 100 | 0 | |a Gentili, Aurelio |e author |9 296991 | |
| 245 | 1 | 3 | |a Il contratto simulato: teorie delta simulazione e analisis del linguaggio |
| 300 | |a 334 p | ||
| 942 | |c BK | ||
| 945 | |d 19921029 00:00:00 | ||
| 260 | |a Nápoles |b Jovene |c 1982 | ||
| 650 | 0 | |a Simulación derecho |9 258209 | |
| 650 | 0 | |a Contratos |9 255153 | |
| 583 | |a last modification |c 19921029 00:00:00 |k Rodrigo Vera | ||
| 490 | 0 | |a Biblioteca di diritto privato ordinata da Pietro Rescigno, 19 | |
| 999 | |c 210213 |d 210211 | ||
| 952 | |0 0 |1 0 |4 0 |6 346_022000000000000_GEN_1982 |7 0 |8 A |9 186294 |a BIBDER |b BIBDER |d 2019-11-14 |i 2537605 |o 346.022 GEN 1982 |p 2537605 |r 2023-01-25 |w 2019-11-14 |y BK |k DER | ||